00419nam a2200157Ia 4500008004100000041000800041082000800049100002500057245007100082250000800153260004900161300000800210542001500218551001400233650001400247220531s9999 xx 000 0 und d aeng bHAR aHardgrave, R. L. Jr. aNadras Of Tamilnad: The Political Culture Of A Community In Change a1ST alondonbUniversity of California Pressc1969 a314 d02-09-2014 aSociology aSociology